000 00440nam a2200181Ia 4500
005 20250423100824.0
008 250422s9999 xx 000 0 und d
020 _a9782451878
050 _aPR 9387.9 .U37 .R48/
100 _aUka, Kalu
245 0 _aReturning on the way out : collected poems
260 _aAkwa Ibom
260 _bManson Publishing
260 _c2003
300 _a93 p
650 _aNigeria--Poetry.
942 _cBK
999 _c34443
_d34443